Loading...
Auditory Arts | 3 | 20.00 | 100% | 67% | 33% |
Beliefs | 9 | 13.33 | 100% | 33% | 0% |
Current Events | 2 | 15.00 | 100% | 50% | 0% |
Fine Arts - Other Arts | 4 | 7.50 | 75% | 0% | 0% |
Geography | 1 | 20.00 | 100% | 100% | 0% |
History - American History | 3 | 13.33 | 100% | 33% | 0% |
History - Ancient History | 3 | 10.00 | 33% | 33% | 33% |
History - European History | 2 | 15.00 | 100% | 50% | 0% |
History - Other History | 3 | 20.00 | 100% | 100% | 0% |
History - World History | 7 | 20.00 | 86% | 57% | 57% |
Literature - American Literature | 4 | 17.50 | 100% | 50% | 25% |
Literature - British Literature | 4 | 20.00 | 100% | 100% | 0% |
Literature - European Literature | 1 | 20.00 | 100% | 100% | 0% |
Literature - World Literature | 4 | 22.50 | 100% | 100% | 25% |
Other Academic | 1 | 10.00 | 100% | 0% | 0% |
Philosophy | 2 | 15.00 | 100% | 50% | 0% |
Science - Biology | 6 | 18.33 | 100% | 67% | 17% |
Science - Chemistry | 4 | 25.00 | 100% | 100% | 50% |
Science - Other Science | 5 | 18.00 | 60% | 80% | 40% |
Science - Physics | 2 | 15.00 | 100% | 0% | 50% |
Social Science | 5 | 18.00 | 80% | 60% | 40% |
Visual Arts | 2 | 15.00 | 100% | 50% | 0% |